000
00240nam a2200097Ia 4500
008
240331s9999 xx 000 0 und d
082
_b
CEN
100
_a
Centre for Society and Religion, Cen
245
0
_a
Breaking the Alabaster Box
942
_c
L
999
_c
2644
_d
2644